| 000 | 00398nam a2200133Ia 4500 | ||
|---|---|---|---|
| 008 | 170516s9999 xx 000 0 und d | ||
| 245 | _aSynthesis of Luminescent Near-Infrared AgInS2 Nanocrystals as Optical Probes for In Vivo Applications | ||
| 260 | _bTheranostics | ||
| 260 | _c2013 | ||
| 300 | _a3:2 | ||
| 650 | _xMedical Technology | ||
| 650 | _xMedtech | ||
| 856 | _uhttp://www.thno.org/v3i2 | ||
| 999 |
_c330800 _d330800 |
||